Syntéza a vlastnosti polyenolov

Na minha lista:
Detalhes bibliográficos
Autor principal: Gurská, Mária (Author)
Outros Autores: Szolcsányi, Peter (Thesis advisor)
Formato: Manuscrito Livro
Idioma:eslovaco
Publicado em: 2018
Assuntos:
Acesso em linha:http://is.stuba.sk/zp/portal_zp.pl?podrobnosti=126557
Tags: Adicionar Tag
Sem tags, seja o primeiro a adicionar uma tag!

MARC

LEADER 00000ntm a22000003a 4500
001 stuzp69542
003 SK-STU
005 20180623210820.9
007 ta
008 150427s2015----xo-----f-mn---000-0-slo-d
040 |a STU  |b slo 
041 0 |a slo 
100 1 |a Gurská, Mária  |u 048140  |4 aut  |U FCHPT Ústav organickej chémie, katalýzy a petrochémie  |T FCHPT Oddelenie organickej chémie  |X 81930  |U C8140  |Y 124  |7 81930 
242 0 1 |a Synthesis and Properties of Polyenols  |y eng 
245 1 0 |a Syntéza a vlastnosti polyenolov 
260 |c 2018 
650 4 |a terciárne trienylalkoholy  |2 slo 
650 4 |a Grignardova adícia  |2 slo 
650 4 |a estery kyselín  |2 slo 
650 4 |a unsaturated esters  |2 eng 
650 4 |a tertiary trienyl alcohols  |2 eng 
650 4 |a Grignard addition  |2 eng 
700 1 |a Szolcsányi, Peter  |u 048140  |k Z1  |4 ths  |U FCHPT Ústav organickej chémie, katalýzy a petrochémie  |T FCHPT Oddelenie organickej chémie  |X 3952  |U C8140  |Y 124  |7 A000003952 
856 4 |u http://is.stuba.sk/zp/portal_zp.pl?podrobnosti=126557